000 00309nam a22001457a 4500
008 210604b ||||| |||| 00| 0 eng d
020 _a9781323671665
041 _aeng
080 _a621
082 _a621
100 _a26
101 _aMEK
245 _aElectrical Engineering
_cPearson
942 _2udc
_cBK
999 _c57957
_d57957